Propagação vegetativa de insulina (Cissus verticillata (L.) Nicholson & C.E. Jarvis) via estaquia (Registro n. 299808)
[ somente texto ]
| 000 -LÍDER | |
|---|---|
| fixed length control field | 04350nab a2200289 i 4500 |
| 003 - CÓDIGO MARC DA AGÊNCIA CATALOGADORA | |
| Campo de controle | BR-BrBNA |
| 005 - DATA E HORA DA ÚLTIMA ATUALIZAÇÃO | |
| Campo de controle | 20240528112316.0 |
| 008 - CAMPO DE TAMANHO FIXO | |
| fixed length control field | 240528b2015 bl.qr|pooa||| 00| 0 por | |
| 040 ## - FONTE DA CATALOGAÇÃO | |
| Agência catalogadora | BR-BrBNA |
| Idioma da catalogação | por |
| 072 ## - CATEGORIA AGRIS | |
| Código AGRIS | F02 |
| 100 ## - ENTRADA PRINCIPAL - NOME PESSOAL | |
| Nome pessoal | Cruz-Silva, C.T.A. |
| 100 ## - ENTRADA PRINCIPAL - NOME PESSOAL | |
| Nome pessoal | Marcon, A.L.S. |
| 100 ## - ENTRADA PRINCIPAL - NOME PESSOAL | |
| Nome pessoal | Nobrega, L.H.P. |
| 245 ## - TÍTULO PRINCIPAL | |
| Título principal | Propagação vegetativa de insulina (Cissus verticillata (L.) Nicholson & C.E. Jarvis) via estaquia |
| 500 ## - NOTA GERAL | |
| Nota geral | Publicação on-line; 25 ref.; 1 table; Summaries (En, Pt) |
| 942 ## - ADDED ENTRY ELEMENTS (KOHA) | |
| Koha item type | |
| 520 ## - NOTA DE RESUMO | |
| Nota de conteúdo | <br/><br/>RESUMO: <br/><br/>As técnicas de propagação podem subsidiar o manejo fornecendo alternativa para<br/>produtores de plantas medicinais e evitando-se a coleta indiscriminada. Objetivou-se avaliar o<br/>tamanho de estacas com e sem folhas na produção de mudas de insulina (Cissus verticillata<br/>(L.) Nicholson & C.E. Jarvis). As estacas foram confeccionadas a partir de ramos apicais<br/>herbáceos de insulina, com corte em bisel na base e corte reto no ápice; com comprimento de<br/>5, 10 ou 15 cm; mantidas com duas folhas inteiras, duas folhas cortadas ao meio, ou ausência<br/>de folhas; sendo desinfestadas com solução de hipoclorito de sódio a 0,5%, por 15 minutos.<br/>As estacas foram plantadas em recipientes plásticos com capacidade de 180 mL, utilizando<br/>vermiculita fina como substrato e acondicionadas em casa de vegetação sob temperatura de 22<br/>± 2ºC. O delineamento experimental foi inteiramente ao acaso e as médias foram comparadas<br/>pelo teste Tukey ao nível de 5% de probabilidade. Após 60 dias constatou-se que as estacas<br/>de 5 cm com folhas inteiras, e aquelas com metade das folhas, e também as estacas de 10<br/>cm com folhas inteiras apresentaram taxas acima de 70% de enraizamento, com as melhores<br/>médias para número e comprimento de raízes formadas. Houve elevada taxa de mortalidade<br/>para estacas confeccionadas sem folhas. A formação de calo e o percentual de estacas vivas<br/>não foram significativos para os tratamentos. Portanto, estacas de 5 cm de comprimento com<br/>folhas inteiras ou meia folha, e estacas de 10 cm com folhas inteiras, são as mais adequadas<br/>para a propagação vegetativa de insulina.<br/><br/>Palavras-chave: Vitaceae, enraizamento, tamanho estaca, presença folhas. |
| 520 ## - NOTA DE RESUMO | |
| Nota de conteúdo | <br/><br/>ABSTRACT:<br/><br/>Vegetative propagation of insulin (Cissus verticillata (L.) Nicolson & C.E.<br/>Jarvis) by cutting. Propagation techniques may support handling, this way providing an<br/>alternative for producers of medicinal plants, thus avoiding indiscriminate collection. We aimed<br/>to evaluate the size of cuttings with and without leaves on the seedling production of insulin<br/>(Cissus verticillata (L.) Nicolson & C.E. Jarvis). The herbaceous apical cuttings were prepared<br/>with diagonal cut at the bottom and straight cut at the apex, with 5, 10 or 15 cm in length, kept<br/>with two whole leaves, two leaves cut in half or without leaves, being sterilized with sodium<br/>hypochlorite at 0.5% for 15 minutes. The cuttings were planted in plastic containers with 180<br/>mL capacity with vermiculite as substrate and placed in greenhouse at the temperature of<br/>22 ± 2° C. The experimental design was completely randomized and means were compared<br/>by Tukey’s test at 5% probability. After 60 days, we found that the cutting of 5 cm with whole<br/>leaves and with leaves cut in half and the cutting of 10 cm with whole leaves had rates above<br/>70% of rooting with the best means for number and length of roots. There was a high mortality<br/>rate for cuttings made without leaves. The callus and the percentage of live cuttings were not<br/>significant for the treatments. Therefore, 5 cm long cuttings with whole or half leaves and 10 cm<br/>long cuttings with whole leaves are the most suitable for the vegetative propagation of insulin.<br/><br/>key words: Vitaceae, rooting, cutting length, presence of leaves. |
| 650 ## - ASSUNTO - THESAGRO | |
| Cabeçalho tópico ou nome geográfico | VITIDACEAE |
| 650 ## - ASSUNTO - THESAGRO | |
| Cabeçalho tópico ou nome geográfico | ENRAIZAMENTO |
| 650 ## - ASSUNTO - THESAGRO | |
| Cabeçalho tópico ou nome geográfico | ESTACA |
| 650 ## - ASSUNTO - THESAGRO | |
| Cabeçalho tópico ou nome geográfico | TAMANHO |
| 650 ## - ASSUNTO - THESAGRO | |
| Cabeçalho tópico ou nome geográfico | FOLHA |
| 773 0# - ENTRADA ANALÍTICA | |
| Host Biblionumber | 3543 |
| Registro do item | 315481 |
| Imprenta | Botucatu-SP Instituto de Biociências - Departamento de Química e Bioquímica 1998 |
| Outro identificador | 2024-1782 |
| Título | Revista Brasileira de Plantas Medicinais (Brazil) |
| ISSN | 1516-0572 |
| Colação | v. 17(1) p. 171-174; (2015) |
| Número de controle de registro | BR2024000824 |
| 856 ## - ACESSO E ENDEREÇO ELETRÔNICO | |
| Identificador uniforme de recurso - URI | https://www.scielo.br/j/rbpm/a/ZWbgScySfYsQNYPkdDnL7Ft/?format=pdf&lang=en |
Nenhum exemplar disponível.

BINAGRI